<?xml version="1.0" encoding="UTF-8"?>
<collection xmlns="http://www.loc.gov/MARC21/slim">
 <record>
  <leader>00820naa a2200181 i 4500</leader>
  <controlfield tag="001">acta63441</controlfield>
  <controlfield tag="005">20260224081030.0</controlfield>
  <controlfield tag="008">191211s2012    hu      o     000   hun d</controlfield>
  <datafield tag="020" ind1=" " ind2=" ">
   <subfield code="a">978-963-306-177-0</subfield>
  </datafield>
  <datafield tag="040" ind1=" " ind2=" ">
   <subfield code="a">SZTE Egyetemi Kiadványok Repozitórium</subfield>
   <subfield code="b">hun</subfield>
  </datafield>
  <datafield tag="041" ind1=" " ind2=" ">
   <subfield code="a">hun</subfield>
  </datafield>
  <datafield tag="100" ind1="1" ind2=" ">
   <subfield code="a">Dávidházi Péter</subfield>
  </datafield>
  <datafield tag="245" ind1="1" ind2="0">
   <subfield code="a">&quot;Nem adhatom még olvasásra sem&quot; </subfield>
   <subfield code="h">[elektronikus dokumentum] :</subfield>
   <subfield code="b">ismeretlen levélváltás Csáth Géza naplójáról /</subfield>
   <subfield code="c"> Dávidházi Péter</subfield>
  </datafield>
  <datafield tag="260" ind1=" " ind2=" ">
   <subfield code="c">2012</subfield>
  </datafield>
  <datafield tag="300" ind1=" " ind2=" ">
   <subfield code="a">228-234</subfield>
  </datafield>
  <datafield tag="490" ind1="0" ind2=" ">
   <subfield code="a">Médiumok, történetek, használatok: ünnepi tanulmánykötet a 60 éves Szajbély Mihály tiszteletére</subfield>
  </datafield>
  <datafield tag="695" ind1=" " ind2=" ">
   <subfield code="a">Levelezés - magyar - 20. sz., Csáth Géza, Magyar irodalom - napló - 20. sz.</subfield>
  </datafield>
  <datafield tag="856" ind1="4" ind2="0">
   <subfield code="u">http://acta.bibl.u-szeged.hu/63441/1/mediumok_tortenetek_hasznalatok_228-234.pdf</subfield>
   <subfield code="z">Dokumentum-elérés </subfield>
  </datafield>
 </record>
</collection>
